000 00485cam a2200181 4500
001 D12635
008 090401t1931 xxu||||| |||| 00| 0 eng d
035 _a(Sirsi) u4862
041 _aeng
100 _aDickson, Everard
245 4 _aThe assessment of compensation under the provenance of the Requisition of Land (assessment of Compensation) Act 1919
250 _a2nd
260 _aLondon
_bEG
_c1931
350 _a0
520 _aShelf 179
942 _n0
948 _c04/03/1997
999 _c86076
_d86076